[Event "Biel MTO op 49th"]
[Site "Biel"]
[Date "2016.08.03"]
[Round "9"]
[White "Baklan, Vladimir"]
[Black "Henrichs, Thomas"]
[Result "1-0"]
[WhiteElo "2618"]
[BlackElo "2471"]
[Annotator "Besenthal,K"]
[PlyCount "161"]
[EventDate "2016.07.25"]
[EventType "swiss"]
[EventRounds "9"]
[EventCountry "SUI"]
[SourceTitle "CBM 173 Extra"]
[Source "ChessBase"]
[SourceDate "2016.08.29"]
[SourceVersion "1"]
[SourceVersionDate "2016.08.29"]
[SourceQuality "1"]

1. e4 e5 2. Nf3 Nc6 3. Bb5 a6 4. Ba4 Nf6 5. O-O Be7 6. Re1 b5 7. Bb3 d6 8. a4
Bd7 9. c3 O-O 10. d4 h6 11. h3 Re8 12. Nbd2 Bf8 13. Bc2 exd4 14. Nxd4 Ne5 15.
f4 Ng6 16. N2f3 c5 17. Nf5 Bc6 18. Ng3 Qb8 19. Kh2 Qb7 20. f5 Ne5 21. Nxe5 dxe5
22. Nh5 Be7 23. Re3 Rad8 24. Qe2 Nxh5 25. Qxh5 Bg5 26. Rg3 Bxc1 27. Rxc1 Rd6
28. axb5 axb5 29. Rd1 Rf6 30. Qg4 g6 31. Rf1 {Diagramm [#]} Rf8 (31... Qe7 {
Falls dann kam auch in Frage.} 32. Qh5 {so} Kh7 33. fxg6+ fxg6 34. Rxf6 Qxf6
35. Qe2 $11) 32. Qh5 Kh7 33. fxg6+ fxg6 34. Rxf6 gxh5 35. Rxf8 Qe7 {Diagramm 
[#] Die Computer sehen hier spürbaren Vorteil für Weiß, ...} 36. Rf2 ({
... den sie mit} 36. Rgg8 {unter Beweis stellen wollen. Kompliziert!}) 36...
Be8 37. Rd2 h4 38. Rf3 c4 39. Rff2 Bc6 40. Rf5 Bd7 41. Rf1 Be6 42. Kh1 Kg6 43.
Bd1 h5 44. Rdf2 Kg5 45. Rf8 Qd6 46. R8f2 Qd3 47. Bf3 Qe3 48. Re2 Qd3 49. Kh2
Bg4 {Diagramm [#] Hochkonzentriert hat Schwarz sich bis hierhin verteidigt, ...
} 50. Ree1 Qd2 $2 {... aber welche Idee mag er mit diesem Zug verbunden haben?
Das Abräumen der weißen Bauern am Damenflügel? Einen Angriff gegen den
weißen König? Eine Kombination aus beidem? Vermutlich ist es so: Der weiße
König wird von den drei Figuren bestens beschützt; falls die schwarze Dame
sich auf b2 und c3 bedienen sollte, dann würden die weißen Figuren umgehend
selber über den schwarzen König herfallen.} 51. hxg4 hxg4 52. Be2 {Jetzt
droht Tf5+ - Schwarz muss sich mit einem Male findig verteidigen, was ihm auch
noch lange Zeit gelingt.} Qe3 53. Kh1 Qg3 54. Rf5+ Kg6 55. Rd1 h3 56. Bf1 Qe3
57. Rd6+ Kg7 58. Rd7+ Kg6 59. Rd6+ Kg7 60. Rdf6 Qxe4 61. Rf7+ Kg6 62. R7f6+ Kg7
{Diagramm [#]} 63. Kh2 $1 {Der Schlüsselzug, wenn Weiß Fortschritte machen
will.} hxg2 64. Bxg2 Qe2 65. Re6 $5 {Den zweiten Schlüsselzug - Kg3 - findet
Weiß erst mit Verzögerung.} Qxb2 66. Rfxe5 Qxc3 67. Rxb5 Qd4 (67... Kf7 68.
Ra6 g3+ 69. Kh3 Qh8+ 70. Kxg3 Qg7+ {bot bessere Perspektiven, jedenfalls in
der praktischen Partie.}) 68. Rb7+ Kf8 69. Kg3 $1 {Diagramm [#] Der richtige
Plan!} c3 70. Rc6 {Beide Spieler, Weiß bereits etwas länger, "lebten" an
dieser Stelle nur noch von den 30 sek Zeitgutschrift, die ihn pro
ausgeführtem Zug zustanden.} Qd3+ 71. Kxg4 Qd4+ 72. Kf5 Qf2+ 73. Ke5 Qg3+ 74.
Kd4 Qf4+ 75. Kxc3 Qe3+ 76. Kb4 Qd4+ 77. Ka5 Qa1+ 78. Kb6 Qd4+ 79. Rc5 Qb2+ 80.
Ka7 Qa2+ 81. Kb8 {Schade, schade, ohne den Fehler im 50. Zug hätte Henrichs
eine noch bessere Platzierung im Turnier erreicht.} 1-0

[Event "Cacak"]
[Site "Cacak"]
[Date "1996.??.??"]
[Round "1"]
[White "Georgiev, Kiril"]
[Black "Beliavsky, Alexander G"]
[Result "0-1"]
[WhiteElo "2620"]
[BlackElo "2620"]
[Annotator "Chekhov,V"]
[PlyCount "78"]
[EventDate "1996.11.??"]
[EventType "tourn"]
[EventRounds "9"]
[EventCountry "YUG"]
[EventCategory "13"]
[SourceTitle "CBM 057"]
[Source "ChessBase"]
[SourceDate "1997.04.01"]
[SourceVersion "1"]
[SourceVersionDate "1997.04.01"]
[SourceQuality "1"]

1. e4 e5 2. Nf3 Nc6 3. Bb5 a6 4. Ba4 Nf6 5. O-O Be7 6. Re1 b5 7. Bb3 d6 8. c3
O-O 9. h3 h6 10. d4 Re8 11. Nbd2 Bf8 12. Nf1 Bd7 13. Ng3 Na5 14. Bc2 c5 15. b3
(15. dxe5 $5 dxe5 16. Nh2 Be6 17. Qf3 g6 18. Ngf1 Bg7 19. Ne3 Nc4 20. Nxc4 Bxc4
21. Bb3 Bxb3 22. axb3 Qd6 23. Be3 Qc6 $10 {Beliavsky,A-Barle,J/Maribor/1996/
1|0/38/}) (15. d5 Nc4 16. Nh2 g6 17. Rf1 Bg7 18. b3 Nb6 19. f4 exf4 20. Bxf4
Qe7 21. Qd2 g5 22. e5 $13 {Tal,M-Smyslov,V/Baku/1961/0,5/31/}) 15... Nc6 16.
Be3 (16. d5 $5 Ne7 17. Be3 Ng6 18. c4 Qc7 $132 {Kavalek,L-Karpov,An/Tilburg/
1980/0,5/19/}) 16... cxd4 17. cxd4 exd4 (17... Rc8 $5 18. Rc1 exd4 19. Bxd4
Nxd4 20. Qxd4 Qa5 21. Bb1 Qa3 $15 {Xie,J-Geller,E/Vienna/1993/0|1/37/}) 18.
Nxd4 (18. Bc1 $5 Nb4 19. Bb2 d5 20. e5 Nxc2 21. Qxc2 Ne4 22. Nxe4 Bf5 23. Nf6+
Qxf6 24. exf6 Bxc2 25. fxg7 Bxg7 26. Bxd4 Rxe1+ 27. Rxe1 Be4 28. Bxg7 Kxg7 29.
Nd4 Rc8 $14 {Fischer,R-Gheorghiu,F/Vinkovci/1968/0,5/83/}) 18... d5 19. exd5 (
19. Nxc6 Bxc6 20. exd5 Qxd5 $10 {Georgiev,Kr-Abramovic,B/Erevan/1982/0,5/20/})
19... Nxd5 $5 (19... Nb4 20. Nc6 Nxc6 21. dxc6 Bxc6 22. Qd4 Qd5 23. Qxd5 Nxd5
24. Be4 Nb4 25. Bxc6 Nxc6 $10 {Schmid,L-Smyslov,V/Monte Carlo/1969/0|1/38/})
20. Be4 (20. Qd3 g6 21. Nxc6 Bxc6 22. Rad1 Nxe3 $15) 20... Nxe3 21. Rxe3 Rc8
22. Nxc6 (22. Bxc6 Bxc6 (22... Rxe3 23. Bxd7) 23. Nxc6 Qxd1+ 24. Rxd1 Rxe3 25.
fxe3 Rxc6 26. Rd8 g6 $15) 22... Bxc6 23. Qf3 Bxe4 24. Nxe4 Re6 25. Rc3 (25. Rd1
Qa5 26. Qe2 Rce8 $15) 25... Rxc3 26. Nxc3 Bc5 (26... Qd2 27. Rd1 Re1+ (27...
Qc2 28. Rd8 $13) 28. Rxe1 Qxe1+ 29. Kh2 $10) 27. Nd5 (27. Rd1 $5) 27... Qa5 28.
g3 (28. Rc1 $4 Re1+ 29. Rxe1 Qxe1+ 30. Kh2 Bxf2 31. Ne7+ Qxe7 32. Qxf2 Qe5+ $17
) 28... Qd2 (28... Re1+ 29. Rxe1 Qxe1+ 30. Kg2 Qd2 31. b4 $22 Bxf2 32. Ne7+ Kf8
33. Ng6+) 29. Nf4 (29. Kg2 $2 Re2 30. Rf1 Bxf2 31. Ne7+ Rxe7 32. Rxf2 Qd6 $17)
29... Re8 30. Rf1 (30. Rd1 Qxa2 $17) 30... Rd8 (30... Qxa2 31. Qc6 Re5 32. Nd3
$18) 31. a4 (31. Qc6 $5 Qc2 32. Qxa6 $22 (32. Kg2 Rd2 $17) 32... Rd2 33. Qa8+
Kh7 34. Qf3 $13) 31... bxa4 32. bxa4 a5 33. Qb3 (33. Qc6 Qc2 34. Kg2 Rd2 $17)
33... Qb4 34. Qxb4 $6 (34. Qc2 $5 Rd2 35. Qf5 $22 Rxf2 36. Qc8+ Kh7 37. Qf5+
$10) 34... axb4 35. a5 (35. Rc1 b3 36. Rb1 (36. Rxc5 b2 37. Rb5 Rd1+ 38. Kg2
b1=Q 39. Rxb1 Rxb1 $19) 36... Rb8 37. Kf1 b2 38. Ke2 Bd4 $17) 35... Rd2 36. a6
b3 37. Rb1 g5 (37... b2 $19) 38. Nh5 (38. Ng2 Rxf2 39. Kh1 b2 $19) 38... Rxf2
39. Kh1 b2 0-1

[Event "Interzonal-14b"]
[Site "Szirak"]
[Date "1987.??.??"]
[Round "4"]
[White "Ljubojevic, Ljubomir"]
[Black "Milos, Gilberto"]
[Result "1-0"]
[WhiteElo "2625"]
[BlackElo "2495"]
[Annotator "ChessBase"]
[PlyCount "77"]
[EventDate "1987.07.??"]
[EventType "tourn"]
[EventRounds "17"]
[EventCountry "HUN"]
[EventCategory "12"]
[SourceTitle "CBM 003"]
[Source "ChessBase"]
[SourceDate "1988.04.01"]
[SourceVersion "1"]
[SourceVersionDate "1988.04.01"]
[SourceQuality "1"]

1. e4 e5 2. Nf3 Nc6 3. Bb5 a6 4. Ba4 Nf6 5. O-O Be7 6. Re1 b5 7. Bb3 O-O 8. c3
d6 9. h3 h6 10. d4 Re8 11. Nbd2 Bf8 12. Nf1 Bb7 13. Ng3 Na5 14. Bc2 Nc4 15. b3
Nb6 16. a4 bxa4 17. bxa4 a5 18. Bd3 Qd7 $5 19. Bb5 Bc6 $6 (19... c6 $142 $5 20.
Bd3 Ba6) 20. c4 exd4 21. Nxd4 Bxb5 22. cxb5 $16 d5 23. e5 Ne4 24. Nxe4 dxe4 25.
Rxe4 Bc5 26. Bb2 Nc4 27. Qc2 Qd5 28. Rae1 Rxe5 29. Rxe5 Nxe5 30. Nf5 Nd3 31.
Qc3 f6 32. Ne7+ Bxe7 33. Rxe7 Nxb2 34. Qxc7 Qf5 35. Rxg7+ Kh8 36. Rg4 Qh7 37.
Qc3 Qb1+ 38. Kh2 Rf8 39. Qd2 1-0

[Event "Moscow"]
[Site "Moscow"]
[Date "1986.??.??"]
[Round "?"]
[White "Psakhis, Lev"]
[Black "Razuvaev, Yuri S"]
[Result "1-0"]
[WhiteElo "2555"]
[BlackElo "2525"]
[Annotator "ChessBase"]
[PlyCount "71"]
[EventDate "1986.03.??"]
[EventType "tourn"]
[EventRounds "13"]
[EventCountry "URS"]
[EventCategory "11"]
[SourceTitle "MCL"]
[Source "ChessBase"]
[SourceDate "1999.07.01"]
[SourceVersion "1"]
[SourceVersionDate "1999.07.01"]
[SourceQuality "1"]

1. e4 e5 2. Nf3 Nc6 3. Bb5 a6 4. Ba4 Nf6 5. O-O Be7 6. Re1 b5 7. Bb3 O-O 8. c3
d6 9. h3 Bb7 10. d4 Re8 11. Nbd2 Bf8 12. Bc2 Nb8 (12... d5 $5) 13. a3 h6 14. b4
Nbd7 15. Bb2 g6 (15... Nb6 $5 16. dxe5 dxe5 17. c4 $14) 16. Qb1 $1 {/\ Nb3-a5}
Bg7 17. Nb3 c6 (17... Rb8 18. Na5 Ba8 19. d5 $16) 18. Na5 Qc7 19. Bb3 $1 (19.
dxe5 Nxe5 $1 20. Nxe5 Rxe5 $13) 19... Rad8 20. Qa2 d5 21. exd5 $1 Nxd5 (21...
e4 $2 22. dxc6 $1 $18) 22. dxe5 Nxe5 23. Nxe5 Rxe5 (23... Bxe5 24. c4 (24. Rxe5
$5) 24... Nc3 25. Bxc3 Bxc3 26. Rxe8+ Rxe8 27. Rc1 $16) 24. c4 $16 Rxe1+ 25.
Rxe1 bxc4 26. Bxc4 Bc8 (26... Bxb2 27. Qxb2 Nb6 28. Qf6 Nxc4 29. Nxb7 Rf8 30.
Re7 Qb6 31. Nc5 $18) 27. Bxg7 Kxg7 28. Qb2+ Kh7 29. Qe5 Rd6 (29... Qxe5 30.
Rxe5 $16) 30. Rc1 Qd8 31. Rd1 Re6 32. Nxc6 $1 Rxc6 33. Rxd5 Qh4 34. Rc5 Rxc5
35. Qxc5 Qf4 36. Bxf7 (36. Bxf7 Qxf7 37. Qxc8 $18) 1-0

[Event "Candidates qf2"]
[Site "Antwerp"]
[Date "1989.02.04"]
[Round "4"]
[White "Timman, Jan H"]
[Black "Portisch, Lajos"]
[Result "1/2-1/2"]
[WhiteElo "2610"]
[BlackElo "2610"]
[Annotator "ChessBase"]
[PlyCount "124"]
[EventDate "1989.01.??"]
[EventType "match"]
[EventRounds "6"]
[EventCountry "BEL"]
[SourceTitle "Candidates"]
[Source "ChessBase"]
[SourceDate "1999.07.01"]
[SourceVersion "2"]
[SourceVersionDate "1999.07.01"]
[SourceQuality "1"]

1. e4 e5 2. Nf3 Nc6 3. Bb5 a6 4. Ba4 Nf6 5. O-O Be7 6. Re1 b5 7. Bb3 d6 8. c3
O-O 9. h3 Bb7 10. d4 Re8 11. Ng5 Rf8 12. Nf3 Re8 13. Nbd2 Bf8 14. a3 h6 15. Bc2
Nb8 16. b4 Nbd7 17. Bb2 g6 {17...a5 -> Hjartarson-Karpov/Seattle cq/1989/} 18.
Rb1 Rb8 19. Rc1 Ba8 20. Bb1 Rc8 21. c4 exd4 22. cxb5 axb5 23. Nxd4 c6 24. Nf1
Ne5 25. Ne3 Nh5 26. Rf1 $1 Qg5 27. Ne2 $1 Nf4 28. Nxf4 Qxf4 29. g3 Qf3 30. Ng4
Qxd1 31. Nf6+ Kh8 32. Rfxd1 Red8 $16 33. Ba2 $6 (33. Bxe5 $5 dxe5 34. Nd7 Bg7
35. Nb6 $1 Rb8 36. Ba2 $1 Kg8 37. Rxd8+ Rxd8 38. Nxa8 Rxa8 39. Rxc6 Rxa3 40.
Bd5 $16) 33... Bg7 34. Bxe5 dxe5 35. Nd7 Rc7 36. Nc5 Rd4 $1 $8 37. Nb3 Rxd1+
38. Rxd1 Bf6 39. Nc5 Kg7 40. Be6 Be7 41. Rd7 Rxd7 42. Bxd7 Kf8 43. Nd3 Bd6 44.
f4 f6 45. f5 g5 46. h4 Ke7 47. Be6 Bb7 48. Kf2 Kd8 49. Kf3 Ke7 50. Ke3 Kd8 51.
Ke2 Ke7 52. Kf3 Kf8 53. Kg4 Kg7 54. Bd7 Be7 55. Kf3 Kf8 56. Ke3 Bd8 57. Nc5 Bb6
58. Kd3 Bxc5 59. bxc5 Ke7 60. Be6 Kd8 61. Ke3 Ke7 62. Ke2 Kd8 1/2-1/2

[Event "Candidates qf1"]
[Site "Seattle"]
[Date "1989.??.??"]
[Round "3"]
[White "Hjartarson, Johann"]
[Black "Karpov, Anatoly"]
[Result "0-1"]
[WhiteElo "2615"]
[BlackElo "2750"]
[Annotator "ChessBase"]
[PlyCount "64"]
[EventDate "1989.01.??"]
[EventType "match"]
[EventRounds "5"]
[EventCountry "USA"]
[SourceTitle "Candidates"]
[Source "ChessBase"]
[SourceDate "1999.07.01"]
[SourceVersion "2"]
[SourceVersionDate "1999.07.01"]
[SourceQuality "1"]

1. e4 e5 2. Nf3 Nc6 3. Bb5 a6 4. Ba4 Nf6 5. O-O Be7 6. Re1 b5 7. Bb3 d6 8. c3
O-O 9. h3 Re8 10. d4 Bb7 11. Nbd2 Bf8 12. a3 h6 13. Bc2 Nb8 14. b4 Nbd7 15. Bb2
a5 $5 16. Bd3 c6 17. Nb3 $6 {N} (17. Qb1 Qb8 18. bxa5 Rxa5 19. c4 bxc4 20. Nxc4
Ra7 $10 {Rodriguez,Am-Rubinetti,J/Luzern ol(1092/}) 17... axb4 18. cxb4 exd4
19. Nfxd4 c5 20. bxc5 dxc5 21. Nxb5 Nxe4 22. Qc2 $6 (22. Qf3 Ndf6 $1 (22... Nd6
$2 23. Rxe8 Qxe8 24. Nxd6 Bxd6 25. Qxb7 Rb8 26. Qd5 $18) (22... Qb6 $5) 23.
Bxf6 Nxf6 24. Rxe8 Bxf3 25. Rxd8 Rxd8 26. Bc4 Bd5 $10) 22... Ndf6 23. Nc3 Ng5
$1 24. Bb5 Rxe1+ 25. Rxe1 Qc7 26. Bf1 Qc6 {/\ Nxh3+} 27. Re3 Bd6 {/\ ...Bf4}
28. h4 Ne6 29. Nd1 $6 (29. Nb5 Bf4 30. Rh3) 29... Ng4 30. Rxe6 $6 (30. Rh3 Ra4)
30... Bh2+ 31. Kh1 Qxe6 32. f3 Qe1 $1 (32... Qe1 $1 33. fxg4 (33. Qc4 Bf4 $1)
33... Qxh4) 0-1

[Event "World Team-ch01"]
[Site "Luzern"]
[Date "1985.11.24"]
[Round "8.4"]
[White "Mestel, A Jonathan"]
[Black "Beliavsky, Alexander G"]
[Result "0-1"]
[WhiteElo "2540"]
[BlackElo "2635"]
[Annotator "ChessBase/Beliavsky,A"]
[PlyCount "162"]
[EventDate "1985.11.16"]
[EventType "team-tourn"]
[EventRounds "9"]
[EventCountry "SUI"]
[SourceTitle "EXT 2018"]
[Source "ChessBase"]
[SourceDate "2017.10.13"]
[SourceVersion "1"]
[SourceVersionDate "2017.10.13"]
[SourceQuality "1"]
[WhiteTeam "England"]
[BlackTeam "Soviet Union"]
[WhiteTeamCountry "ENG"]
[BlackTeamCountry "URS"]

1. e4 e5 2. Nf3 Nc6 3. Bb5 a6 4. Ba4 Nf6 5. O-O Be7 6. Re1 b5 7. Bb3 d6 8. c3
O-O 9. a4 Bd7 (9... b4 10. a5 Rb8 11. Bc4 bxc3 12. dxc3 Na7) (9... Bg4 10. h3
Bxf3 11. Qxf3 Na5 12. Bc2 b4) 10. d4 h6 11. Nbd2 Re8 12. Nf1 Bf8 13. Ng3 Na5
14. Bc2 c5 15. h3 g6 $6 $146 (15... Nc4 16. b3 Na5 17. axb5 axb5 18. d5 Qc7 $11
) (15... cxd4 16. cxd4 Nc6 17. d5 (17. axb5 axb5 18. Rxa8 Qxa8 19. d5 Nb4 20.
Bb1 Na6 {/\ Nc5=}) 17... Nb4 18. Bb3 $14 a5 19. Re3 Qb6 20. Rc3) (15... Qc7)
16. axb5 (16. d5) 16... axb5 17. b3 Nc6 18. Bb2 $5 (18. Rxa8 Qxa8 19. d5 Ne7
20. c4 bxc4 21. bxc4 Qa6 22. Qd3 $14) 18... Qc7 19. Bd3 Rxa1 20. Qxa1 Qb7 {[#]}
21. Qd1 $6 (21. d5 $142 Ne7 22. c4 $36 {><e5}) 21... Bg7 22. dxc5 $6 (22. d5
$142) 22... dxc5 23. Qe2 b4 24. Nd2 bxc3 25. Bxc3 Nd4 26. Qd1 Bc6 27. Nc4 Qe7
28. Qa1 Nd7 $6 (28... Rb8 $142) 29. Rb1 Rb8 30. Na5 Ba8 31. Qa2 $6 (31. Nc4 {
/\ b4}) 31... Nf6 32. Nc4 h5 33. b4 h4 34. bxc5 Rxb1+ 35. Bxb1 Bc6 36. Nf1 Qxc5
37. Bxd4 $8 Qxd4 38. Nfd2 Nxe4 (38... Bh6 39. Qc2) 39. Bxe4 Bxe4 40. Nxe4 Qxe4
41. Nd6 Qf4 $17 42. Qc4 (42. Qd5 $142) 42... Qxc4 43. Nxc4 f5 44. Kf1 Kf7 45.
Ke2 Ke6 46. f3 $6 Bf8 47. Kd3 Bc5 48. Nd2 Kd5 49. Nf1 Bb6 50. Nd2 Bd8 51. Nb3
Bg5 52. Na5 Kc5 53. Nb7+ {[#]} (53. Nb3+ Kb4 54. Na1 e4+ 55. fxe4 fxe4+ 56.
Kxe4 Kc3 $19) 53... Kd5 $1 (53... Kb4 $1 54. Nd6 Bf6 55. Ne8 $145 $2 (55. Ke2
Kc5 56. Nc8 Bd8 57. Ke3 Kc4 58. Nd6+ Kd5 59. Nc8 Bg5+ 60. Kd3 e4+ $17) 55...
Be7 $19 56. Nc7 Kc5 $19 {Mestel,J}) 54. Na5 Be7 $6 $17 (54... Bf6 $19 55. Nb3
e4+ 56. fxe4+ fxe4+ 57. Ke2 Bc3 $19) 55. Nb3 Bb4 56. Na1 e4+ $6 (56... Bd6) 57.
fxe4+ fxe4+ 58. Ke2 $17 Ke5 59. Nb3 Bc3 60. Ke3 Kd5 61. Nc1 Bg7 62. Nb3 Bf8 63.
Ke2 Bb4 64. Na1 Ke5 65. Nb3 Kf4 66. Nd4 $1 (66. Kf2 Bd2 $1 67. Ke2 Bc3 68. Nc5
Bb2 $3 69. Nb3 Kg3 70. Kf1 e3 71. Nc5 e2+ 72. Kxe2 Kxg2 73. Nd3 $1 {(/\ Nf4)}
Kxh3 $1 74. Nxb2 Kg2 $19) 66... Ba5 (66... Bc3 67. Nb3 Kg3 68. Kf1 e3 69. Nc1 {
/\ Ne2=}) 67. Nb3 $2 {[#]} (67. Ne6+ Kg3 68. Nf8 g5 69. Ne6 g4 70. hxg4 Kxg2 (
70... Kxg4 $17) 71. Ke3 $11) 67... Bc3 $1 $19 68. Nc5 Bb2 69. Nd7 Kg3 70. Nf8
g5 71. Kf1 (71. Ne6 Bf6 $1 72. Kf1 e3) (71. Nh7 g4 72. hxg4 Kxg2 73. Ng5 Bc1
74. Nxe4 h3 75. Nf2 h2 76. Ke1 Be3) 71... e3 72. Nh7 Bc1 $1 73. Nf6 (73. Nxg5
e2+) (73. Ke2 g4 74. hxg4 Kxg2 75. Ng5 Kg3) 73... e2+ 74. Kxe2 Kxg2 75. Ng4
Kxh3 76. Kf3 Bf4 77. Nf2+ Kh2 78. Ng4+ Kg1 79. Nf2 Be3 $1 80. Kxe3 (80. Ng4 h3)
(80. Nh3+ Kh2) 80... Kg2 81. Ng4 Kg3 (81... Kg3 82. Nf2 h3 83. Ke2 Kg2 84. Ke3
h2 85. Ke2 g4 $19) (81... h3 $2 82. Ke4 Kg3 83. Kf5 $11) 0-1

[Event "Helsinki op"]
[Site "Helsinki"]
[Date "1992.??.??"]
[Round "6"]
[White "Ernst, Thomas"]
[Black "Geller, Efim P"]
[Result "1-0"]
[WhiteElo "2570"]
[BlackElo "2525"]
[Annotator "Ernst,T"]
[PlyCount "117"]
[EventDate "1992.09.??"]
[EventType "swiss"]
[EventRounds "9"]
[EventCountry "FIN"]
[SourceTitle "CBM 032"]
[Source "ChessBase"]
[SourceDate "1993.02.01"]
[SourceVersion "1"]
[SourceVersionDate "1993.02.01"]
[SourceQuality "1"]

1. e4 e5 2. Nf3 Nc6 3. Bb5 a6 4. Ba4 Nf6 5. O-O Be7 6. Re1 b5 7. Bb3 d6 8. c3
O-O 9. h3 h6 10. d4 Re8 11. Nbd2 Bf8 12. Bc2 Bd7 13. Bd3 g6 (13... Qb8 14. d5
Ne7 15. b3 c6 16. c4 cxd5 17. cxd5 Ng6 $14 {Prandstetter-Karolyi/Prague/1988/})
(13... Qb8 14. b3 g6 15. Bb2 Bg7 16. d5 Nd8 17. c4 $14 {Savon-Geller,E/UdSSR/
1978/}) 14. a3 Bg7 15. b3 Nh5 16. Bb2 Nf4 (16... exd4 17. cxd4 Nf4 18. Bf1 Ne6
19. e5 $14 {Ernst,T-Djuric,S/Gausdal/1989/}) 17. Bf1 f5 $5 18. dxe5 fxe4 19.
Rxe4 (19. Nxe4 Nxe5 20. Nxe5 Bxe5 $10) 19... dxe5 20. c4 Bf5 21. Re3 (21. cxb5
$2 Bxe4 22. Nxe4 Qxd1 23. Rxd1 Nd4 $1 $17) 21... e4 $1 22. Bxg7 Kxg7 23. cxb5
axb5 $1 (23... Nd4 24. Nxd4 Qxd4 25. Qc1 Nd5 26. Rg3 e3 27. fxe3 Nxe3 28. Nf3
Qd6 $36) 24. Bxb5 exf3 $1 25. Nxf3 $1 (25. Rxf3 Nd3 $17) (25. Bxc6 Nxh3+ $1)
25... Qf6 $1 (25... Qxd1+ 26. Rxd1 Red8 27. Rc1 Nd4 28. Rxc7+ Kh8 29. Nxd4 Rxd4
30. Ree7 g5 31. a4 Rd1+ 32. Kh2 Rd2 33. Kg1 Rd1+ 34. Kh2 Rd2 $10) 26. Rc1 Rxe3
$2 (26... Rad8 $1 27. Rxe8 Rxd1+ 28. Rxd1 Ne7 29. Bc4 c6 $17) 27. fxe3 Rd8 28.
Qf1 Bd3 29. Rxc6 Bxf1 30. Rxf6 Kxf6 31. Kxf1 Nd5 (31... Rd1+ 32. Kf2 Ne6) 32.
e4 $10 Ne3+ 33. Kf2 Nd1+ 34. Kg3 Nc3 35. Bc6 Rb8 36. e5+ $1 (36. b4 Rb6 37. e5+
Ke7 38. Nd4 Ne2+ $1 39. Nxe2 Rxc6 $17) 36... Ke7 37. Nd4 Rd8 38. Nf3 Ke6 (38...
Rb8 39. Nd4 $10) 39. Kf4 Rd3 40. a4 g5+ $2 $18 (40... Ne2+ 41. Ke4 Rd1 42. a5
Nc3+ 43. Ke3 Nd5+ 44. Ke4 Nc3+ $10) 41. Kg4 Nd5 42. Kh5 Nf4+ (42... Ke7 43.
Kxh6 (43. Bxd5 Rxd5 44. b4 Rd8 $1 45. Kxh6 Rh8+ 46. Kxg5 Rg8+ $10) 43... Nb4
44. Be4 Rxb3 45. Kxg5 c5 46. h4 Rb2 47. g4 c4 (47... Re2 48. Kf5 c4 49. h5 c3
50. h6 Rxe4 51. h7 c2 52. h8=Q) 48. h5 c3 49. h6 c2 50. Bxc2 Rxc2 (50... Nxc2
51. h7 Rb8 52. Kg6 Rf8 (52... Ne3 53. Kg7 Nxg4 54. h8=Q Rxh8 55. Kxh8 $18) 53.
g5 Ne3 54. Nd4 Ng4 55. e6 $18) 51. h7 Rc8 52. Kh6 Rf8 53. g5 Rxf3 54. h8=Q Rh3+
55. Kg7 Rxh8 56. Kxh8 $18) 43. Kxh6 Ke7 44. b4 Nxg2 45. Kxg5 Rd8 (45... Rc3 46.
b5 Ra3 47. h4 Rxa4 48. b6 Rc4 49. Nd4 $1 (49. b7 Rb4 50. Nd4 Nxh4 51. Bb5 Nf3+
52. Kh6 Nxd4 53. b8=Q Nxb5 54. Qg8 Nd4 $16) 49... cxb6 (49... Nf4 50. bxc7 Ne6+
51. Nxe6 Rxc6 52. Nf4 Kd7 53. h5 Rxc7 54. h6 $18) 50. Nf5+ Ke6 51. Bxg2 Kxe5
52. h5 Rc8 53. h6 Rg8+ 54. Ng7 b5 55. Bf1 b4 56. Bc4 Rh8 57. Nf5 $1 $18) 46. a5
Rg8+ 47. Kf5 Rf8+ 48. Ke4 Rf4+ 49. Kd3 Rxb4 50. a6 Rb3+ 51. Kc4 Ra3 52. Bb7
Ne3+ (52... Nf4 53. Nd4 $1 Kd7 54. Nc6 Rxa6 55. Bxa6 (55. Nb8+ Ke6 56. Nxa6
Kxe5 57. Bc8 Ke4 58. Nxc7 Kf3 59. Nd5 Kg3 $3 $10) 55... Kxc6 56. Bc8 $1 $18)
53. Kb4 Nc2+ 54. Kb5 Ke6 55. h4 Rb3+ 56. Kc4 Ra3 57. h5 c6 58. Bc8+ $1 Ke7 59.
Ng5 {Black lost on time.} (59. Ng5 Kd8 60. h6 Kxc8 61. h7 Ra4+ 62. Kb3 Rh4 63.
Kxc2 $18) 1-0

[Event "San Francisco"]
[Site "San Francisco"]
[Date "1995.??.??"]
[Round "11"]
[White "Huebner, Robert"]
[Black "Xie, Jun"]
[Result "1-0"]
[WhiteElo "2620"]
[BlackElo "2515"]
[Annotator "Ernst,T"]
[PlyCount "105"]
[EventDate "1995.??.??"]
[EventType "game"]
[EventCountry "ARG"]
[SourceTitle "CBM 046"]
[Source "ChessBase"]
[SourceDate "1995.06.01"]
[SourceVersion "1"]
[SourceVersionDate "1995.06.01"]
[SourceQuality "1"]

1. e4 e5 2. Nf3 Nc6 3. Bb5 a6 4. Ba4 Nf6 5. O-O Be7 6. Re1 b5 7. Bb3 d6 8. c3
O-O 9. h3 Bb7 10. d4 Re8 11. Nbd2 Bf8 12. a3 h6 13. Bc2 Nb8 14. b3 Nbd7 15. Bb2
{[#]} c5 $146 (15... g6) (15... c6) (15... Nb6) 16. d5 Qc7 17. Bd3 Nb6 18. Qe2
Bc8 19. Nh2 Bd7 20. c4 bxc4 {>< c4} 21. Nxc4 $16 Bb5 22. Nd2 Rab8 23. Rec1 Qd7
24. Rc2 Nh7 25. a4 Bxd3 26. Qxd3 Qb7 27. a5 Nc8 28. Nhf1 $1 f5 $5 {[#]} 29.
exf5 Ne7 30. Ne3 Nf6 31. Ndc4 Nexd5 32. Nxd5 Nxd5 33. Qe4 Nf6 (33... Nb4 34.
Qxb7 Rxb7 35. Rd2) 34. Qxb7 Rxb7 35. Rd1 Rxb3 36. Nxd6 {[#]} Rd8 37. Bxe5 Ne4 (
37... Ne8 $2 38. Rcd2 $18) 38. Nxe4 Rxd1+ 39. Kh2 Rd5 40. f4 $44 Rb4 (40... Rb5
$4 41. Nc3 $18) 41. Re2 Be7 (41... c4 42. g4 $13 {/\ Ra3,Bc3}) 42. Ng3 Bd8 (
42... Bf6 43. Bxf6 gxf6 44. Re6 Kf7 45. Rxa6 Rxf4 (45... Rd2 46. Nh5 $1) 46.
Ra7+ Kf8 (46... Ke8 47. Nh5 $16) 47. Rh7 $1 (47. Ra8+ Ke7 (47... Kf7 48. Ra7+
$10) 48. a6 Ra4 $17) 47... Rd2 {/\ Rff2} 48. a6 Ra2 (48... Rff2 $2 49. a7 $16)
49. a7 Rfa4 $13) 43. Nh5 Rb7 44. g4 Bxa5 45. Bxg7 Rd2 (45... Rxg7 $2 46. Nf6+
$18) 46. Rxd2 Bxd2 47. Be5 Kf7 (47... c4 48. Nf6+ Kf7 49. Ne4 $18) 48. h4 Re7
$2 (48... c4 $1 49. g5 hxg5 50. fxg5 c3 51. g6+ Ke8 $1 (51... Kg8 52. Nf6+ Kf8
53. Bd6+ Kg7 54. Ne8+ Kg8 55. f6 c2 (55... Rf7 $1 56. Ba3 (56. Be7 c2 $17)
56... c2 57. gxf7+ Kxf7 58. Nd6+ Ke6 $10) 56. Nc7 $1 (56. Bc7 $2 Rxc7 $18)
56... Rxc7 57. Bxc7 c1=Q 58. f7+ Kg7 59. Be5+ Kxg6 60. f8=Q $16) (51... Kf8 52.
f6 c2 53. Bd6+ Ke8 (53... Kg8 54. Be7 $18) 54. Ng7+ Kd7 55. f7 c1=Q 56. f8=Q
$16) 52. f6 c2 53. Ng7+ Kd7 54. f7 Bb4 (54... c1=Q 55. f8=Q $16) 55. Bf4 Bd6 $1
56. Bxd6 c1=Q 57. f8=Q Qd2+ 58. Kh3 Qxd6 59. Qxd6+ Kxd6 60. Ne8+ Ke7 61. g7
Rb3+ $1 62. Kg4 Kf7 (62... Rb1 $5) 63. h5 Rb8 64. Nc7 a5 65. h6 $17) 49. g5
hxg5 50. hxg5 Ba5 51. g6+ Ke8 52. Nf6+ Kd8 53. Ne4 1-0